[Event "HUN-chT2 Toth 1314"]
[Site "Hungary"]
[Date "2014.04.13"]
[Round "10.3"]
[White "Sebok, Istvan"]
[Black "Szasz, Janos"]
[Result "1/2-1/2"]
[WhiteElo "2050"]
[BlackElo "2017"]
[PlyCount "48"]
[EventDate "2013.09.08"]
[EventType "team-tourn"]
[EventRounds "11"]
[EventCountry "HUN"]
[SourceTitle "EXT 2016"]
[Source "ChessBase"]
[SourceDate "2015.10.08"]
[SourceVersion "1"]
[SourceVersionDate "2015.10.08"]
[SourceQuality "1"]
[WhiteTeam "Karcag"]
[BlackTeam "Bekes"]
[WhiteTeamCountry "HUN"]
[BlackTeamCountry "HUN"]

1. e4 c5 2. d4 cxd4 3. c3 d3 4. Bxd3 Nc6 5. Nf3 d6 6. h3 g6 7. c4 Bg7 8. Nc3 Nf6 9. 0-0 0-0 10. Be3 b6 11. Rc1 Bb7 12. Qe2 Rc8 13. Rfd1 Nd7 14. b3 Qe8 15. Bb1 Nc5 16. Nd5 Ne6 17. Qd2 Nc7 18. Bh6 Ne6 19. Bxg7 Kxg7 20. Nh2 Ned4 21. Qb2 e5 22. b4 f6 23. Ng4 h5 24. Nge3 Ne7 1/2-1/2

[Event "HUN-chT2 Maroczy 1213"]
[Site "Hungary"]
[Date "2013.03.24"]
[Round "9"]
[White "Sebok, Istvan"]
[Black "Teglas, Balazs"]
[Result "0-1"]
[WhiteElo "2050"]
[BlackElo "2221"]
[PlyCount "60"]
[EventDate "2012.09.16"]
[EventType "team-tourn"]
[EventRounds "11"]
[EventCountry "HUN"]
[SourceTitle "EXT 2014"]
[Source "ChessBase"]
[SourceDate "2013.11.20"]
[SourceVersion "1"]
[SourceVersionDate "2013.11.20"]
[SourceQuality "1"]
[WhiteTeam "Karcag"]
[BlackTeam "Hobagoly"]
[WhiteTeamCountry "HUN"]
[BlackTeamCountry "HUN"]

1. e4 c5 2. d4 cxd4 3. c3 g6 4. Bc4 Nf6 5. Qb3 d5 6. exd5 Bg7 7. Nf3 0-0 8. 0-0 Nbd7 9. cxd4 Nb6 10. Nc3 Bf5 11. Bf4 Rc8 12. Be2 Nfxd5 13. Be5 Bxe5 14. Nxe5 Nf4 15. Bg4 Bxg4 16. Nxg4 Qxd4 17. Nh6+ Kg7 18. Rad1 Qe5 19. Ng4 Qg5 20. f3 h5 21. Ne4 Qf5 22. Ne3 Qe6 23. Qa3 Rfd8 24. g3 Ne2+ 25. Kg2 Nd4 26. Rfe1 Nc2 27. Nxc2 Rxd1 28. Rxd1 Rxc2+ 29. Nf2 Qe2 30. Rf1 Nc4 0-1

[Event "HUN-chT2 Maroczy 1213"]
[Site "Hungary"]
[Date "2012.10.07"]
[Round "2"]
[White "Sebok, Istvan"]
[Black "Eperjesi, Laszlo"]
[Result "1/2-1/2"]
[WhiteElo "2050"]
[BlackElo "2228"]
[PlyCount "25"]
[EventDate "2012.09.16"]
[EventType "team-tourn"]
[EventRounds "11"]
[EventCountry "HUN"]
[SourceTitle "EXT 2014"]
[Source "ChessBase"]
[SourceDate "2013.11.20"]
[SourceVersion "1"]
[SourceVersionDate "2013.11.20"]
[SourceQuality "1"]
[WhiteTeam "Karcag"]
[BlackTeam "Vasas"]
[WhiteTeamCountry "HUN"]
[BlackTeamCountry "HUN"]

1. e4 c6 2. d4 d5 3. f3 e6 4. Nc3 Bb4 5. a3 Bxc3+ 6. bxc3 dxe4 7. Qe2 exf3 8. Nxf3 Nf6 9. Qe3 Nbd7 10. Bd3 Nd5 11. Qf2 N7f6 12. c4 Ne7 13. 0-0 1/2-1/2

[Event "HUN-chT2 Toth 1112"]
[Site "Hungary"]
[Date "2011.11.27"]
[Round "4.4"]
[White "Sebok, Istvan"]
[Black "Cretu, Sorin Alexandru"]
[Result "0-1"]
[WhiteElo "2071"]
[BlackElo "1959"]
[PlyCount "56"]
[EventDate "2011.09.25"]
[EventType "team-tourn"]
[EventRounds "11"]
[EventCountry "HUN"]
[SourceTitle "EXT 2013"]
[Source "ChessBase"]
[SourceDate "2012.11.22"]
[SourceVersion "1"]
[SourceVersionDate "2012.11.22"]
[SourceQuality "1"]
[WhiteTeam "Gyula"]
[BlackTeam "Karcag"]
[WhiteTeamCountry "HUN"]
[BlackTeamCountry "HUN"]

1. e4 c5 2. d4 cxd4 3. c3 Nf6 4. e5 Nd5 5. Nf3 d6 6. exd6 Qxd6 7. cxd4 Bf5 8. Na3 Nc6 9. Be2 e6 10. 0-0 Be7 11. Nc4 Qc7 12. Ne3 Be4 13. Nd2 Nf6 14. Nxe4 Nxe4 15. d5 Rd8 16. Qb3 exd5 17. Nxd5 Qd6 18. Rd1 Nc5 19. Qh3 0-0 20. Bf4 Qe6 21. Bg4 f5 22. Bf3 g5 23. Re1 Qg6 24. Rxe7 g4 25. Qg3 gxf3 26. Qxf3 Qg4 27. Qc3 Rxd5 28. h3 Qg6 0-1

[Event "HUN-chT2 Toth 1011"]
[Site "Hungary"]
[Date "2010.10.24"]
[Round "4.5"]
[White "Sebok, Istvan"]
[Black "Vicsai, Gabor"]
[Result "0-1"]
[WhiteElo "2083"]
[BlackElo "2230"]
[PlyCount "80"]
[EventDate "2010.09.12"]
[EventType "team-tourn"]
[EventRounds "11"]
[EventCountry "HUN"]
[SourceTitle "EXT 2012"]
[Source "ChessBase"]
[SourceDate "2011.11.24"]
[SourceVersion "1"]
[SourceVersionDate "2011.11.24"]
[SourceQuality "1"]
[WhiteTeam "Karcag"]
[BlackTeam "Mako"]
[WhiteTeamCountry "HUN"]
[BlackTeamCountry "HUN"]

1. e4 c5 2. d4 cxd4 3. c3 Nf6 4. e5 Nd5 5. Nf3 Nc6 6. Bc4 Nb6 7. Bb3 d6 8. e6 Bxe6 9. Bxe6 fxe6 10. cxd4 Nd5 11. 0-0 Qd7 12. Re1 g6 13. Ng5 Nc7 14. Qd3 e5 15. Be3 Qf5 16. Qd2 h6 17. d5 hxg5 18. dxc6 bxc6 19. Bxg5 Ne6 20. Be3 g5 21. Nc3 g4 22. Ne2 Qh5 23. Ng3 Qxh2+ 24. Kf1 Bh6 25. Bxh6 Rxh6 26. Re4 Nf4 27. Rxf4 exf4 28. Qxf4 Qh4 29. Re1 Rf6 30. Qe3 e5 31. Qb3 0-0-0 32. Rc1 d5 33. Rc2 Qh7 34. Qa4 Qd7 35. Nh5 Rh6 36. Ng3 Rf8 37. b4 Rf4 38. Qa5 Qh7 39. Qa4 Qd3+ 40. Ke1 Re4+ 0-1

[Event "HUN-chT2 Toth 0708"]
[Site "Hungary"]
[Date "2008.03.16"]
[Round "8"]
[White "Nemeth, Antal"]
[Black "Sebok, Istvan"]
[Result "1/2-1/2"]
[WhiteElo "2228"]
[BlackElo "2104"]
[PlyCount "29"]
[EventDate "2007.10.14"]
[EventType "team-tourn"]
[EventRounds "11"]
[EventCountry "HUN"]
[SourceTitle "EXT 2009"]
[Source "ChessBase"]
[SourceDate "2008.11.26"]
[SourceVersion "1"]
[SourceVersionDate "2008.11.26"]
[SourceQuality "1"]
[WhiteTeam "Bajai"]
[BlackTeam "Karcag"]
[WhiteTeamCountry "HUN"]
[BlackTeamCountry "HUN"]

1. Nf3 d5 2. g3 Nf6 3. Bg2 e6 4. d4 Be7 5. c4 0-0 6. 0-0 dxc4 7. Ne5 Nc6 8. Nxc6 bxc6 9. Qa4 Bb7 10. Qxc4 Nd5 11. Rd1 a5 12. e4 Ba6 13. Qxc6 Nb4 14. Qc3 c5 15. a3 1/2-1/2

[Event "HUN-chT2 Toth 0607"]
[Site "Hungary"]
[Date "2007.04.29"]
[Round "9"]
[White "Javor, Sandor"]
[Black "Sebok, Istvan"]
[Result "1-0"]
[WhiteElo "2216"]
[BlackElo "2102"]
[PlyCount "37"]
[EventDate "2006.11.12"]
[EventType "team-tourn"]
[EventRounds "11"]
[EventCountry "HUN"]
[SourceTitle "EXT 2025"]
[Source "ChessBase"]
[SourceDate "2024.10.14"]
[SourceVersion "1"]
[SourceVersionDate "2024.10.14"]
[SourceQuality "1"]
[WhiteTeam "Baja"]
[BlackTeam "Karcag"]
[WhiteTeamCountry "HUN"]
[BlackTeamCountry "HUN"]

1. f4 e5 2. e4 exf4 3. Nf3 d5 4. exd5 Nf6 5. Nc3 c6 6. d4 g5 7. Nxg5 Nxd5 8. Nxd5 Qxd5 9. Bxf4 Be7 10. Qd2 Bg4 11. c4 Qd7 12. c5 0-0 13. Bc4 Bxg5 14. Bxg5 Qf5 15. Rf1 Qg6 16. Rf6 Qe4+ 17. Kf1 Nd7 18. Rf4 Nxc5 19. dxc5 1-0

[Event "HUN-chT2 Toth 0506"]
[Site "Hungary"]
[Date "2006.02.12"]
[Round "7"]
[White "Papista, Akos"]
[Black "Sebok, Istvan"]
[Result "1-0"]
[WhiteElo "2174"]
[BlackElo "2100"]
[PlyCount "82"]
[EventDate "2005.10.16"]
[EventType "team-tourn"]
[EventRounds "11"]
[EventCountry "HUN"]
[SourceTitle "EXT 2009"]
[Source "ChessBase"]
[SourceDate "2008.11.26"]
[SourceVersion "1"]
[SourceVersionDate "2008.11.26"]
[SourceQuality "1"]
[WhiteTeam "Metroepszolg"]
[BlackTeam "Karcag"]
[WhiteTeamCountry "HUN"]
[BlackTeamCountry "HUN"]

1. e4 e5 2. Nf3 Nc6 3. Nc3 Bc5 4. Nxe5 Nf6 5. Nf3 Qe7 6. Be2 Nxe4 7. Nxe4 Qxe4 8. c3 d5 9. d4 Bd6 10. 0-0 0-0 11. Re1 Qg6 12. Nh4 Qf6 13. g3 Be6 14. Be3 Rae8 15. Bb5 Bd7 16. Qh5 Re4 17. Bd3 Bg4 18. Qxd5 Re6 19. Bg5 Ne7 20. Qb5 a6 21. Bxf6 axb5 22. Bg5 c6 23. f3 Bh3 24. a3 f6 25. Bd2 g5 26. Ng2 Nd5 27. Rxe6 Bxe6 28. Re1 Kf7 29. Bxh7 f5 30. Bg6+ Kf6 31. Bxg5+ Kxg6 32. Rxe6+ Kxg5 33. h4+ Kh5 34. Rxd6 Rg8 35. Kh2 Rg7 36. Kh3 Rg6 37. Rxd5 cxd5 38. Nf4+ Kh6 39. Nxg6 Kxg6 40. g4 f4 41. Kg2 Kf6 1-0

[Event "HUN-chT2 Barcza 0405"]
[Site "Hungary"]
[Date "2005.04.10"]
[Round "10"]
[White "Szathmari, Gabor"]
[Black "Sebok, Istvan"]
[Result "1/2-1/2"]
[WhiteElo "2084"]
[BlackElo "2110"]
[PlyCount "47"]
[EventDate "2004.09.26"]
[EventType "team-tourn"]
[EventRounds "11"]
[EventCountry "HUN"]
[SourceTitle "EXT 2009"]
[Source "ChessBase"]
[SourceDate "2008.11.26"]
[SourceVersion "1"]
[SourceVersionDate "2008.11.26"]
[SourceQuality "1"]
[WhiteTeam "Puspokladany"]
[BlackTeam "Karcag"]
[WhiteTeamCountry "HUN"]
[BlackTeamCountry "HUN"]

1. d4 Nf6 2. Nf3 e6 3. c4 d5 4. Nc3 Bb4 5. cxd5 exd5 6. Bg5 c6 7. Qc2 Be6 8. e3 Nbd7 9. Bd3 Qa5 10. 0-0 0-0 11. Rac1 Rae8 12. h3 Bd6 13. Ne2 Ne4 14. Bf4 Bxf4 15. Nxf4 g5 16. Nxe6 Rxe6 17. b4 Qd8 18. Nd2 f5 19. Nxe4 fxe4 20. Be2 Nf6 21. Qd1 Qe8 22. g3 Qg6 23. Kg2 h5 24. Rc2 1/2-1/2

[Event "HUN-chT2 Barcza 0405"]
[Site "Hungary"]
[Date "2005.02.06"]
[Round "7"]
[White "Csolto, Tibor"]
[Black "Sebok, Istvan"]
[Result "1-0"]
[WhiteElo "2149"]
[BlackElo "2110"]
[PlyCount "65"]
[EventDate "2004.09.26"]
[EventType "team-tourn"]
[EventRounds "11"]
[EventCountry "HUN"]
[SourceTitle "EXT 2009"]
[Source "ChessBase"]
[SourceDate "2008.11.26"]
[SourceVersion "1"]
[SourceVersionDate "2008.11.26"]
[SourceQuality "1"]
[WhiteTeam "Kazincbarcika"]
[BlackTeam "Karcag"]
[WhiteTeamCountry "HUN"]
[BlackTeamCountry "HUN"]

1. e4 e5 2. Nf3 Nc6 3. Bb5 a6 4. Ba4 Nf6 5. 0-0 Be7 6. Re1 b5 7. Bb3 0-0 8. d4 d6 9. c3 Bg4 10. d5 Na5 11. h3 Bh5 12. Nbd2 Bg6 13. Bc2 Nh5 14. b4 Nb7 15. Nf1 Qd7 16. Ne3 Nf4 17. Nf5 Bxf5 18. exf5 g5 19. Bxf4 gxf4 20. f6 Bxf6 21. Qd3 Rfd8 22. Qxh7+ Kf8 23. Bf5 Qe7 24. Nd4 Bg7 25. Nc6 Qf6 26. Nxd8 Rxd8 27. Be4 Ke7 28. Qf5 Qh4 29. a4 Bf6 30. axb5 a5 31. Qg4 Qh6 32. bxa5 Nc5 33. b6 1-0

[Event "HUN-chT2 Toth 0304"]
[Site "Hungary"]
[Date "2003.12.07"]
[Round "5"]
[White "Gosztolya, Ferenc"]
[Black "Sebok, Istvan"]
[Result "1/2-1/2"]
[WhiteElo "2123"]
[BlackElo "2144"]
[PlyCount "91"]
[EventDate "2003.09.28"]
[EventType "team-tourn"]
[EventRounds "11"]
[EventCountry "HUN"]
[SourceTitle "EXT 2009"]
[Source "ChessBase"]
[SourceDate "2008.11.26"]
[SourceVersion "1"]
[SourceVersionDate "2008.11.26"]
[SourceQuality "1"]
[WhiteTeam "Bekes"]
[BlackTeam "Karcag"]
[WhiteTeamCountry "HUN"]
[BlackTeamCountry "HUN"]

1. c4 Nf6 2. Nc3 e6 3. e4 d5 4. cxd5 exd5 5. e5 d4 6. exf6 dxc3 7. bxc3 Qxf6 8. d4 Bd6 9. Nf3 0-0 10. Be2 Bf5 11. 0-0 h6 12. Be3 Nc6 13. Nd2 Rfe8 14. Nc4 Ne7 15. Nxd6 Qxd6 16. c4 c6 17. Qd2 Ng6 18. Rac1 Rad8 19. Rfd1 Nh4 20. g3 Qg6 21. f3 Bh3 22. Rc3 Re7 23. Bf2 Rde8 24. Re1 Ng2 25. Bf1 Rxe1 26. Bxe1 Rxe1 27. Kf2 Ra1 28. Rc1 Rxc1 29. Qxc1 Qf6 30. Qd2 Be6 31. Kxg2 Qf5 32. Bd3 Qh3+ 33. Kg1 Qh5 34. Qe3 Qh3 35. d5 cxd5 36. Qxa7 dxc4 37. Qb8+ Bc8 38. g4 cxd3 39. Qxc8+ Kh7 40. Qf5+ Kg8 41. Qc8+ Kh7 42. Qxb7 d2 43. Qe4+ Kg8 44. Qd3 h5 45. gxh5 Qxh5 46. Qxd2 1/2-1/2

[Event "HUN-chT2 Toth 0304"]
[Site "Hungary"]
[Date "2003.09.28"]
[Round "1"]
[White "Keresztes, Zoltan"]
[Black "Sebok, Istvan"]
[Result "1-0"]
[WhiteElo "2105"]
[BlackElo "2144"]
[PlyCount "37"]
[EventDate "2003.09.28"]
[EventType "team-tourn"]
[EventRounds "11"]
[EventCountry "HUN"]
[SourceTitle "EXT 2009"]
[Source "ChessBase"]
[SourceDate "2008.11.26"]
[SourceVersion "1"]
[SourceVersionDate "2008.11.26"]
[SourceQuality "1"]
[WhiteTeam "Takisz"]
[BlackTeam "Karcag"]
[WhiteTeamCountry "HUN"]
[BlackTeamCountry "HUN"]

1. d4 Nf6 2. Nf3 e6 3. Bf4 c5 4. e3 Nc6 5. c3 d5 6. Bd3 Be7 7. Nbd2 0-0 8. Ne5 Qb6 9. Rb1 Bd7 10. 0-0 Rac8 11. Qf3 cxd4 12. exd4 Rfd8 13. Qh3 Ne4 14. Nxe4 dxe4 15. Bxe4 f5 16. Nxd7 Rxd7 17. d5 Nd8 18. dxe6 Nxe6 19. Be3 1-0

[Event "HUN-chT3 9899"]
[Site "Hungary"]
[Date "1999.04.11"]
[Round "10"]
[White "Szucs, Csaba"]
[Black "Sebok, Istvan"]
[Result "0-1"]
[WhiteElo "2115"]
[BlackElo "2132"]
[PlyCount "68"]
[EventDate "1998.09.??"]
[EventType "team-tourn"]
[EventRounds "11"]
[EventCountry "HUN"]
[SourceTitle "EXT 2001"]
[Source "ChessBase"]
[SourceDate "2000.11.22"]
[SourceVersion "1"]
[SourceVersionDate "2000.11.22"]
[SourceQuality "1"]

1. e4 e5 2. Nf3 Nc6 3. d4 exd4 4. Nxd4 Bc5 5. Be3 Qf6 6. c3 Nge7 7. Qd2 d5 8. Nb5 Bxe3 9. fxe3 Qe5 10. exd5 Nxd5 11. Qxd5 Qxe3+ 12. Be2 0-0 13. Qd2 Qb6 14. N1a3 Rd8 15. Qf4 Be6 16. Qf2 Qa5 17. 0-0 a6 18. b4 Qa4 19. Nxc7 Qxa3 20. Nxa8 Rxa8 21. Bg4 Bc4 22. Be2 Be6 23. Qb6 Qxc3 24. Qxb7 Rb8 25. Qxa6 Qe3+ 26. Rf2 Nd4 27. Qd3 Qe5 28. Rd1 Rxb4 29. Qa3 Rb8 30. Qa7 Rd8 31. Kh1 g6 32. Bf3 Kg7 33. Rfd2 Nxf3 34. gxf3 Rxd2 0-1

[Event "Nyiregyhaza op"]
[Site "Nyiregyhaza"]
[Date "1998.??.??"]
[Round "7"]
[White "Korpas, Zoltan"]
[Black "Sebok, Istvan"]
[Result "0-1"]
[WhiteElo "2135"]
[BlackElo "2125"]
[PlyCount "72"]
[EventDate "1998.07.??"]
[EventType "swiss"]
[EventRounds "9"]
[EventCountry "HUN"]
[SourceTitle "EXT 2002"]
[Source "ChessBase"]
[SourceDate "2001.11.25"]
[SourceVersion "1"]
[SourceVersionDate "2001.11.25"]
[SourceQuality "1"]

1. e4 e5 2. Nf3 Nc6 3. Bc4 Nf6 4. 0-0 Nxe4 5. d4 d5 6. Bb5 Bg4 7. dxe5 Bc5 8. b4 Bxb4 9. Qd4 Bc5 10. Qa4 0-0 11. Bxc6 bxc6 12. Qxc6 Qe7 13. Bf4 Nxf2 14. Rxf2 Bxf3 15. gxf3 Bxf2+ 16. Kxf2 Qh4+ 17. Ke3 d4+ 18. Ke4 f5+ 19. exf6 Rae8+ 20. Kd3 Qxf4 21. Qd5+ Rf7 22. fxg7 Qxf3+ 23. Kxd4 Qxd5+ 24. Kxd5 Rf1 25. c4 Rb8 26. a4 Rfxb1 27. Ra3 Rd1+ 28. Kc5 Kxg7 29. a5 Rd6 30. Rg3+ Kf6 31. Rh3 Kg7 32. Rg3+ Rg6 33. Rd3 Rg5+ 34. Kc6 Rxa5 35. Kxc7 Rb4 36. Rc3 Rc5+ 0-1